LEADER 01045nam0-22002771i-450- 001 990000727530403321 005 20160630103654.0 035 $a000072753 035 $aFED01000072753 035 $a(Aleph)000072753FED01 035 $a000072753 100 $a20020821d1952----km-y0itay50------ba 101 0 $aita 105 $aa-------001yy 200 1 $aSull'uso combinato del metodo di Monge e del metodo della proiezione centrale per la determinazione della prospettiva di una superficie di rotazione$fMario Giovanardi 210 $aNapoli ; Roma$cIst. Edit. del Mezzog.$d1952 215 $a12 p.$cill.$d23 cm 300 $aEstratto da: La Ricerca - Anno III - N. 1 700 1$aGiovanardi,$bMario$0332359 801 0$aIT$bUNINA$gRICA$2UNIMARC 901 $aBK 912 $a990000727530403321 952 $aTECN B 114 (1)$b2939$fFARBC 959 $aFARBC 996 $aSull'uso combinato del metodo di Monge e del metodo della proiezione centrale per la determinazione della prospettiva di una superficie di rotazione$9322404 997 $aUNINA